MAASAI MARA UNIVERSITY

LIBRARY CATALOGUE

Contact Us: +254 020 2685356/7 or 0774 057787

Box: 861-20500, NAROK, KENYA

Email: info@mmarau.ac.ke

La rêveuse d'Ostende / (Record no. 28914)

MARC details
000 -LEADER
fixed length control field 00899cam a2200241 a 4500
001 - CONTROL NUMBER
control field 15099919
003 - CONTROL NUMBER IDENTIFIER
control field OSt
005 - DATE AND TIME OF LATEST TRANSACTION
control field 20170530223733.0
008 - FIXED-LENGTH DATA ELEMENTS--GENERAL INFORMATION
fixed length control field 071031s2007 fr 000 1 fre
010 ## - LIBRARY OF CONGRESS CONTROL NUMBER
LC control number 2008366590
020 ## - INTERNATIONAL STANDARD BOOK NUMBER
International Standard Book Number 9782226181077
035 ## - SYSTEM CONTROL NUMBER
System control number (FrPJT)JTL00212502
040 ## - CATALOGING SOURCE
Original cataloging agency MMU
Transcribing agency MMU
Language of cataloging eng
Modifying agency MMU
050 00 - LIBRARY OF CONGRESS CALL NUMBER
Classification number PQ2679.C37844
Item number R48 2007
100 1# - MAIN ENTRY--PERSONAL NAME
Personal name Schmitt, Éric-Emmanuel.
245 13 - TITLE STATEMENT
Title La rêveuse d'Ostende /
Statement of responsibility, etc. Éric-Emmanuel Schmitt.
260 ## - PUBLICATION, DISTRIBUTION, ETC. (IMPRINT)
Place of publication, distribution, etc. Paris :
Name of publisher, distributor, etc. Albin Michel,
Date of publication, distribution, etc. c2007.
300 ## - PHYSICAL DESCRIPTION
Extent 310 p. ;
Dimensions 21 cm.
505 0# - FORMATTED CONTENTS NOTE
Formatted contents note La rêveuse d'Ostende -- Crime parfait -- La guérison -- Les mauvaises lectures -- La femme au bouquet.
906 ## - LOCAL DATA ELEMENT F, LDF (RLIN)
a 7
b cbc
c origres
d 4
e ncip
f 20
g y-gencatlg
942 ## - ADDED ENTRY ELEMENTS (KOHA)
Source of classification or shelving scheme Library of Congress Classification
Koha item type L
Holdings
Withdrawn status Lost status Source of classification or shelving scheme Damaged status Not for loan Home library Current library Date acquired Source of acquisition Total Checkouts Full call number Barcode Date last seen Price effective from Koha item type
    Library of Congress Classification     Maasai Mara University Library -Main Campus Maasai Mara University Library -Main Campus 05/30/2017 Donation-T4C   FICPQ2679.C378 2007 17032724 05/30/2017 05/30/2017 L
© 2016 Maasai Mara University.